Lexique succinct de l'erotisme /

Guardado en:
Formato: Libro
Publicado: Paris : Eric Losfeld, 1970
Materias:
Etiquetas: Agregar Etiqueta
Sin Etiquetas, Sea el primero en etiquetar este registro!
LEADER 00429nam a22001455a 4500
001 EHU.bham007635
003 AR-BHAM
005 20091118160312.0
008 130507s1970##################000#0#####d
082 8 0 |a 809.935 
245 0 0 |a Lexique succinct de l'erotisme /  |c  . 
260 |a Paris :  |b Eric Losfeld,  |c 1970 
300 |a 80 p. 
653 |a Literatura-valoracion tematica 
859 |a AR-BHAM  |b BIB. HUMANIDADES - General  |h 809.935  |i L591  |p 99164.74  |t Ej.1